Core concepts in embryology (Record no. 117)
[ view plain ]
| 000 -LEADER | |
|---|---|
| fixed length control field | 00533nam a22002057a 4500 |
| 003 - CONTROL NUMBER IDENTIFIER | |
| control field | OSt |
| 005 - DATE AND TIME OF LATEST TRANSACTION | |
| control field | 20140702192305.0 |
| 008 - FIXED-LENGTH DATA ELEMENTS--GENERAL INFORMATION | |
| fixed length control field | 140702b xxu||||| |||| 00| 0 eng d |
| 022 ## - INTERNATIONAL STANDARD SERIAL NUMBER | |
| Source | 0316018848 |
| 040 ## - CATALOGING SOURCE | |
| Transcribing agency | DNLM |
| 082 ## - DEWEY DECIMAL CLASSIFICATION NUMBER | |
| Classification number | QS604 S57c1997 |
| Item number | S |
| 100 ## - MAIN ENTRY--PERSONAL NAME | |
| Personal name | Sandra Alexander |
| 9 (RLIN) | 315 |
| 245 ## - TITLE STATEMENT | |
| Title | Core concepts in embryology |
| 260 ## - PUBLICATION, DISTRIBUTION, ETC. (IMPRINT) | |
| Place of publication, distribution, etc. | Philadelphia: |
| Name of publisher, distributor, etc. | Lippincott, |
| Date of publication, distribution, etc. | 1997 |
| 300 ## - PHYSICAL DESCRIPTION | |
| Extent | ix,162p; |
| Other physical details | Ill: |
| Dimensions | 28cm |
| 504 ## - BIBLIOGRAPHY, ETC. NOTE | |
| Bibliography, etc | Index included |
| 650 ## - SUBJECT ADDED ENTRY--TOPICAL TERM | |
| Topical term or geographic name as entry element | Human embryology |
| 9 (RLIN) | 177 |
| 700 ## - ADDED ENTRY--PERSONAL NAME | |
| Personal name | Coons William J. |
| 9 (RLIN) | 316 |
| 942 ## - ADDED ENTRY ELEMENTS (KOHA) | |
| Source of classification or shelving scheme | Other/Generic Classification Scheme |
| Koha item type | Open Shelf |
| Withdrawn status | Lost status | Source of classification or shelving scheme | Damaged status | Not for loan | Home library | Current library | Date acquired | Source of acquisition | Inventory number | Total Checkouts | Full call number | Barcode | Date last seen | Price effective from | Koha item type |
|---|---|---|---|---|---|---|---|---|---|---|---|---|---|---|---|
| Other/Generic Classification Scheme | MUST Main Library | MUST Main Library | 02/07/2014 | 2000/14784 | QS604 S57c1997 S | 2014-0157 | 02/07/2014 | 02/07/2014 | Open Shelf |
